| 000 | 00832nam a2200241Ia 4500 | ||
|---|---|---|---|
| 003 | OSt | ||
| 005 | 20210427092553.0 | ||
| 008 | 210310m19852002ne ad fr 001 0 spa d | ||
| 020 | _a9780444876126 | ||
| 040 |
_aCO-JMCR _cCO-JMCR |
||
| 041 | 0 | _aeng | |
| 082 | 0 | 4 |
_a336.001 / _bA917h _223 |
| 100 | 1 |
_aAuerbach, Alan J., _915154 _eeditor |
|
| 245 | 1 | 0 |
_aHandbook of Public Economics / _cedited by Alan J. Auerbach, Martin Feldstein |
| 260 |
_aAmsterdam : _bNorth-Holland, _c1985-2002 |
||
| 300 |
_b4 volúmenes ; _ailustraciones y gráficas a blanco y negro ; _c25 cm. |
||
| 500 | _aIncluye notas a pie de página. | ||
| 504 | _aBibliografía al final de cada capítulo. | ||
| 650 | 1 | 4 |
_aHacienda pública _915156 _vManuales |
| 650 | 2 | 4 |
_aPolítica fiscal _937166 |
| 700 | 1 |
_aFeldstein, Martin, _eeditor _937167 |
|
| 942 |
_2ddc _cBK |
||
| 999 |
_c7686 _d7686 |
||